000 00626nam a2200193 i 4500
001 36195
003 ES-MaACL
005 20250813110910.0
007 t|
008 030217s1968 sp |||| | spa d
100 1 _aBronowski, Jacob.
_931895
245 1 0 _aCiencia y valores humanos
_b: con la adición del nuevo diálogo "El ábaco y la rosa" /
_cJ. Bronowski ; [traducción de Carlos de Ribalta].
260 _a[Barcelona] :
_bLuman,
_c[1968] (
_fGrafos)
300 _a188 p. ;
_c19 cm.
650 0 7 _aCiencia
_2embne
_910929
700 1 _aRibalta, Carlos.
_996711
852 _aES-MaACL
_jC-34790
999 _c36195
_d36195